01377 a2200205 450000100040000000500170000400800410002100300150006204000400007708000220011724500660013902000220020525000110022726400430023830000180028150507230029904100080102210000190103085601220104911920260407155412.0260407a2006 arg spa dAR-UNSa-BCEJYS aAR-UNSa-BCEJYSbspacAR-UNSa-BCEJYS a657xContabilidad10aConociendo la contabilidadpincluye la "teoría del balance" a978-987-1140-40-4 a2a. ed 1aBuenos Aires :bOsmar D. Buyattic2006 a410 p.c22 cm a1. Los agentes económicos 2. La contabilidad en el tiempo 3. Las normas contables. Las organizaciones profesionales 4. Teoría del balance 5. Naturaleza y definiciones de la contabilidad. La contabilidad como mensaje cifrado 6. Sujeto, objeto y objetivo de la contabilidad. Los usuarios . Funciones de la contabilidad 7. La igualdad fundamental contable. Las formas de registrar en el SIC 8. El devengo y las variaciones patrimoniales. Apropiaciones de resultados al ejercicio contable 9. El proceso contable 10. Revelación y documentación respaldatoria 11. Clasificación. Las Cuentas en contabilidad 12. Valuación (Medición contable) 13. Registración 14. Hoja de trabajo (pre-balance) 15. Exposición  aspa1 aTelese, Miguel41uhttps://biblioeco.unsa.edu.ar/pmb/images/libros/Conociendo la contabilidad-l118002.jpgyImagen de portadaqimage/jpeg